| 000 | 00403nam a2200133Ia 4500 | ||
|---|---|---|---|
| 008 | 210430s9999 xx 000 0 und d | ||
| 020 | _a0824781945 (hardcover) | 97808 | ||
| 082 | _a621.381 | ||
| 245 | _aCeramic materials for electronics / | ||
| 260 |
_a[S.l.] : _bCRC Press, _c1991 |
||
| 300 | _a560 p. ; | ||
| 856 | _uhttp://www.amazon.com/exec/obidos/ASIN/0824781945/chopaconline-20 | ||
| 942 | _2ddc | ||
| 999 |
_c564667 _d564667 |
||